Boundless Horizons: (Record no. 209629)

MARC details
000 -LEADER
fixed length control field 00555nam a22001937a 4500
005 - DATE AND TIME OF LATEST TRANSACTION
control field 20250221145536.0
010 ## - LCCN (DPL NO)
LC control number ENG-143842
020 ## - INTERNATIONAL STANDARD BOOK NUMBER
International Standard Book Number 9789384401764
Terms of availability 495.00
035 ## - SYSTEM CONTROL NUMBER
System control number EN-127374
037 ## - SOURCE OF ACQUISITION
Source of stock number/acquisition DBAD
082 ## - DEWEY DECIMAL CLASSIFICATION NUMBER
Classification number S
Edition number 1
100 ## - MAIN ENTRY--PERSONAL NAME
Personal name Garimella, Ravindra
245 ## - TITLE STATEMENT
Title Boundless Horizons:
Remainder of title Myriad Tales of Human Emotions/
Statement of responsibility, etc by Ravindra Garimella
250 ## - EDITION STATEMENT
Edition statement 1
260 ## - PUBLICATION, DISTRIBUTION, ETC. (IMPRINT)
Place of publication, distribution, etc N.Delhi
Name of publisher, distributor, etc Pigeon Books India
Date of publication, distribution, etc 2016
270 ## - ADDRESS
Address 16, Ansari Road,Daryaganj,
City N.Delhi
Postal code 110002
300 ## - PHYSICAL DESCRIPTION
Extent 161p.
Other physical details 21cm.(hb)
942 ## - ADDED ENTRY ELEMENTS (KOHA)
Source of classification or shelving scheme Dewey Decimal Classification
Item type English Books
Classification part S
Call number suffix GAR
Edition 1
Holdings
Withdrawn status Lost status Not for loan Collection code Home library Current library Date acquired Source of acquisition Cost, normal purchase price Full call number Barcode Copy number Cost, replacement price Koha item type
      Fiction Central Library Central Library 21/02/2025 Delivery of Books Act Division 495.00 S GAR EN-127374 1 495.00 English Books

© Delhi Public Library
Hit Counter
free hit counter